| 000 | 00703nam a22002177a 4500 | ||
|---|---|---|---|
| 005 | 20231229165005.0 | ||
| 010 | _aENG-135736 | ||
| 020 |
_c499 .00 _a978-81-921580-4-4 |
||
| 035 | _aEN-119268 | ||
| 037 | _bDBAD/PUB | ||
| 082 | _a000 | ||
| 100 |
_aDixit, Ashish _960480 |
||
| 245 |
_aLeading towards placement/ _cAshish Dixit...{et.al} |
||
| 260 |
_aHyderabad _bWinger Publications _c2012 |
||
| 270 |
_a3-5-1105, 2nd floor, PVR Estates, behind Hero Honda Showroom, Narayaguda _bHyderabad _e500029 |
||
| 300 |
_a460p. _c24cm(pbk) |
||
| 700 |
_aNalina, Singh _960481 |
||
| 700 |
_aDhoundiyal, Manoj _960482 |
||
| 700 |
_aAwasthi, Suneet Kumar _960483 |
||
| 942 |
_2ddc _cEN _mDIX _h000 |
||
| 999 |
_c193889 _d193889 |
||